| 000 | 01916nam a2200241Ia 4500 | ||
|---|---|---|---|
| 003 | Ost | ||
| 005 | 20260416102402.0 | ||
| 008 | 260416s9999||||xx |||||||||||||| ||und|| | ||
| 040 | _cfsecg | ||
| 041 | _aara | ||
| 082 | _a658.045 | ||
| 100 |
_aالأغواطي، يونس _eمؤلف |
||
| 245 | 0 |
_aتسيير المؤسسة / _c يونس الأغواطي |
|
| 260 |
_aالجزائر _bجامعة الجزائر3: كلية العلوم الإقتصادية، العلوم التجارية وعلوم التسيير _c2025 |
||
| 300 |
_a130 ورقة _bايضاحات _c12 سم |
||
| 504 | _aببليوغرافيا: ص. ص. 126-130 | ||
| 520 | _aتطور تسيير المؤسسة من خلال مدارس الفكر الاداري: المبحث الأول: مدخل الى المدرسة الكلاسيكية،المبحث الثاني: نظريات واهم رواد المدرسة الكلاسيكية، المبحث الثالث: تقييم المدرسة الكلاسيكية، المبحث الرابع: مدرسة العلاقات الإنسانية، المبحث الخامس: المدرسة السلوكية، المبحث السادس: المدارس الحديثة ، التسيير ووظائف المدير: المبحث الاول: المسير أو المدير، المبحث الثاني: وظيفة اتخاذ القرار، المبحث الثالث: وظيفة التخطيط، المبحث الرابع: وظيفة التنظيم، المبحث الخامس: وظيفة التوجيه والقيادة، المبحث ا لسادس: وظيفة الرقابة، المبحث السابع: وظيفة الإتصال. | ||
| 653 | _aالشركات | ||
| 653 | _aتسيير | ||
| 653 | _aتنظيم وادارة | ||
| 710 |
_aجامعة الجزائر3: كلية العلوم الإقتصادية، العلوم التجارية وعلوم التسيير _eناشر علمي |
||
| 942 | _cHANDOUT | ||
| 999 |
_c41473 _d41473 |
||